| 000 | 00000nam 2200000za 4500 |
| 001 | 9.634958 |
| 003 | CaOODSP |
| 005 | 20210624220028 |
| 007 | cr ||||||||||| |
| 008 | 150407|2007||||xxc|||||o f|0| 0 fre d |
| 040 | |aCaOODSP|bfre |
| 043 | |an-cn--- |
| 086 | 1 |aHS4-44/2007F-PDF |
| 110 | 1 |aCanada.|bRessources humaines et Développement des compétences Canada. |bExamen des normes du travail fédérales. |
| 245 | 10|aPeut-on dire que les bourses de la Fondation canadienne des bourses du millénaire ont influencé les taux d'inscription au niveau de l'enseignement postsecondaire? / |h[ressource électronique]|c[par] Christine Neill. |
| 260 | |aOttawa - Ontario : |bRessources humaines et Développement des compétences Canada. |c[2007?]. |
| 300 | |a74p.|bfigures en couleur, références, tableau |
| 590 | |a08-02-Supp|b2008-04-07 |
| 691 | 07|aBourse d'études|2gcpds |
| 720 | 1 |aNeill, Christine |
| 775 | 08|tCan we say whether Canada Millennium Scholarship bursaries have affected post-secondary enrolments? / |w(CaOODSP)9.690610 |
| 856 | 40|ahttp://publications.gc.ca|qPDF|s415 Ko|uhttps://publications.gc.ca/collections/collection_2008/hrsdc-rhdsc/HS4-44-2007F.pdf |